Get the Picture: Taylor Swift or Katy Perry? Quiz Stats

 Plays Quiz Updated Mar 18, 2019

Score 0/16 Timer 03:00
3 Plays Today
Question Answer Wrong Answers
Shake It Off Taylor Swift
94.6%
Katy Perry
2.7%
We Are Never Ever Getting Back Together Taylor Swift
94.1%
Katy Perry
3%
I Kissed a Girl Katy Perry
94.1%
Taylor Swift
3.1%
Roar Katy Perry
93.2%
Taylor Swift
4.2%
Blank Space Taylor Swift
92.9%
Katy Perry
4.5%
I Knew You Were Trouble Taylor Swift
91.5%
Katy Perry
5.6%
22 Taylor Swift
90.9%
Katy Perry
6.6%
Waking Up in Vegas Katy Perry
87.5%
Taylor Swift
9.5%
Our Song Taylor Swift
86%
Katy Perry
11.3%
Teenage Dream Katy Perry
85.2%
Taylor Swift
12.1%
Chained to the Rhythm Katy Perry
84.9%
Taylor Swift
12.4%
Dark Horse Katy Perry
82.9%
Taylor Swift
14.6%
Style Taylor Swift
80.7%
Katy Perry
16.7%
Delicate Taylor Swift
77.1%
Katy Perry
20.2%
Unconditionally Katy Perry
73.3%
Taylor Swift
24.1%
The One That Got Away Katy Perry
70.1%
Taylor Swift
27.3%

Today's Daily Dose

Word Ladder
Lean on Me

Get the Picture
Superhero by Villain

You're not logged in!

Compare scores with friends on all Sporcle quizzes.
OR
Log In

Sporcle TV

Today on Sporcle TV


Watch our educational content, quiz creation guides, and fun videos on Sporcle TV.

Show Comments

Extras

Top Quizzes Today


Score Distribution

Your Account Isn't Verified!

In order to create a playlist on Sporcle, you need to verify the email address you used during registration. Go to your Sporcle Settings to finish the process.

Report this User

Report this user for behavior that violates our Community Guidelines.

Details: